000 00880nam a2200229Ia 4500
001 15619
003 GE_BSU
008 181216s||||||||xx |||||||||||||| ||und||
040 _cGE_BSU
080 _a821.161.1 + 821.161.1-32
100 _aგორკი, მაქსიმ
245 _aთხზულებანი ხუთ ტომად. ტ. 5
245 _bმოთხრობები
245 _cთარგმ. არისტო ჭუმბაძისა, ლეო ქიაჩელისა ; პლ. ბებიას შენიშვნებით ; რედ.: დ. შენგელაია
260 _aთბილისი
260 _bსაბჭ. საქართველო
260 _c1960
300 _a349 გვ.
653 _aთხზულებანი.
653 _aმოთხრობები
942 _cBK
999 _c48719
_d48719